<?xml version="1.0" encoding="UTF-8"?>
<record
    xmlns:xsi="http://www.w3.org/2001/XMLSchema-instance"
    xsi:schemaLocation="http://www.loc.gov/MARC21/slim http://www.loc.gov/standards/marcxml/schema/MARC21slim.xsd"
    xmlns="http://www.loc.gov/MARC21/slim">

  <leader>01118nam a22003611ia4500</leader>
  <datafield tag="999" ind1=" " ind2=" ">
    <subfield code="c">176790</subfield>
    <subfield code="d">176790</subfield>
  </datafield>
  <controlfield tag="001">vtls000858634</controlfield>
  <controlfield tag="003">PNM</controlfield>
  <controlfield tag="005">20200309125241.0</controlfield>
  <controlfield tag="008">180817s2019    my a   b      000 0 may  </controlfield>
  <datafield tag="015" ind1=" " ind2=" ">
    <subfield code="a">M19-02575</subfield>
  </datafield>
  <datafield tag="020" ind1=" " ind2=" ">
    <subfield code="a">9789670929552</subfield>
    <subfield code="q">set</subfield>
    <subfield code="c">RM 159.00</subfield>
  </datafield>
  <datafield tag="020" ind1=" " ind2=" ">
    <subfield code="a">9789670929590</subfield>
    <subfield code="q">paperback</subfield>
    <subfield code="c">RM 26.50</subfield>
  </datafield>
  <datafield tag="039" ind1=" " ind2="9">
    <subfield code="a">201905071204</subfield>
    <subfield code="b">habirah</subfield>
    <subfield code="c">201903111639</subfield>
    <subfield code="d">suriani</subfield>
    <subfield code="c">201808231522</subfield>
    <subfield code="d">amy_z</subfield>
    <subfield code="c">201808171336</subfield>
    <subfield code="d">roswati</subfield>
  </datafield>
  <datafield tag="040" ind1=" " ind2=" ">
    <subfield code="a">BNM</subfield>
    <subfield code="b">eng</subfield>
    <subfield code="c">BNM</subfield>
    <subfield code="e">rda</subfield>
    <subfield code="d">PPAK</subfield>
  </datafield>
  <datafield tag="049" ind1=" " ind2=" ">
    <subfield code="a">mal</subfield>
  </datafield>
  <datafield tag="082" ind1="0" ind2="4">
    <subfield code="a">499.235</subfield>
    <subfield code="2">23</subfield>
  </datafield>
  <datafield tag="090" ind1="0" ind2="0">
    <subfield code="a">499.235</subfield>
    <subfield code="b">WAN</subfield>
    <subfield code="d">K</subfield>
  </datafield>
  <datafield tag="100" ind1="0" ind2=" ">
    <subfield code="a">Wan Nor Saedah,</subfield>
    <subfield code="e">author.</subfield>
  </datafield>
  <datafield tag="245" ind1="1" ind2="0">
    <subfield code="a">Mahir Ayat /</subfield>
    <subfield code="c">Wan Nor Saedah</subfield>
  </datafield>
  <datafield tag="264" ind1=" " ind2="1">
    <subfield code="a">Seri Kembangan, Selangor :</subfield>
    <subfield code="b">Penerbit Sinar Cemerlang,</subfield>
    <subfield code="c">[2019?]</subfield>
  </datafield>
  <datafield tag="300" ind1=" " ind2=" ">
    <subfield code="a">ii, 38 pages :</subfield>
    <subfield code="b">illustrations ;</subfield>
    <subfield code="c">23 cm.</subfield>
  </datafield>
  <datafield tag="336" ind1=" " ind2=" ">
    <subfield code="a">text</subfield>
    <subfield code="2">rdacontent</subfield>
  </datafield>
  <datafield tag="337" ind1=" " ind2=" ">
    <subfield code="a">unmediated</subfield>
    <subfield code="2">rdamedia</subfield>
  </datafield>
  <datafield tag="338" ind1=" " ind2=" ">
    <subfield code="a">volume</subfield>
    <subfield code="2">rdacarrier</subfield>
  </datafield>
  <datafield tag="490" ind1="1" ind2=" ">
    <subfield code="a">SIRI CERAPAN TATABAHASA</subfield>
  </datafield>
  <datafield tag="650" ind1="1" ind2="0">
    <subfield code="a">Malay language</subfield>
    <subfield code="x">Grammar</subfield>
  </datafield>
  <datafield tag="650" ind1="2" ind2="0">
    <subfield code="a">Malay language</subfield>
    <subfield code="x">Usage</subfield>
  </datafield>
  <datafield tag="830" ind1=" " ind2="0">
    <subfield code="a">Siri cerapan tatabahasa</subfield>
  </datafield>
  <datafield tag="942" ind1=" " ind2=" ">
    <subfield code="2">ddc</subfield>
    <subfield code="c">B</subfield>
  </datafield>
  <datafield tag="949" ind1=" " ind2=" ">
    <subfield code="6">2000632162</subfield>
  </datafield>
  <datafield tag="949" ind1=" " ind2=" ">
    <subfield code="6">2000632161</subfield>
  </datafield>
  <datafield tag="949" ind1=" " ind2=" ">
    <subfield code="6">2000632160</subfield>
  </datafield>
  <datafield tag="952" ind1=" " ind2=" ">
    <subfield code="0">0</subfield>
    <subfield code="7">0</subfield>
    <subfield code="b">PPAK</subfield>
    <subfield code="c">K</subfield>
    <subfield code="d">2020-05-13</subfield>
    <subfield code="o">K 499.235 WAN</subfield>
    <subfield code="p">A01638767</subfield>
    <subfield code="r">2020-05-13 00:00:00</subfield>
    <subfield code="y">B</subfield>
  </datafield>
  <datafield tag="952" ind1=" " ind2=" ">
    <subfield code="0">0</subfield>
    <subfield code="7">0</subfield>
    <subfield code="b">PPAK</subfield>
    <subfield code="c">K</subfield>
    <subfield code="d">2020-05-13</subfield>
    <subfield code="l">1</subfield>
    <subfield code="o">K 499.235 WAN</subfield>
    <subfield code="p">A01638768</subfield>
    <subfield code="r">2023-01-05 00:00:00</subfield>
    <subfield code="s">2022-12-15</subfield>
    <subfield code="y">B</subfield>
  </datafield>
  <datafield tag="952" ind1=" " ind2=" ">
    <subfield code="0">0</subfield>
    <subfield code="7">0</subfield>
    <subfield code="b">SP</subfield>
    <subfield code="c">K</subfield>
    <subfield code="d">2020-05-13</subfield>
    <subfield code="l">1</subfield>
    <subfield code="o">K 499.235 WAN</subfield>
    <subfield code="p">A01638769</subfield>
    <subfield code="r">2023-11-04 15:18:05</subfield>
    <subfield code="s">2023-10-29</subfield>
    <subfield code="y">B</subfield>
  </datafield>
  <datafield tag="952" ind1=" " ind2=" ">
    <subfield code="0">0</subfield>
    <subfield code="7">0</subfield>
    <subfield code="b">JT</subfield>
    <subfield code="c">K</subfield>
    <subfield code="d">2020-05-13</subfield>
    <subfield code="l">1</subfield>
    <subfield code="o">K 499.235 WAN</subfield>
    <subfield code="p">A01638770</subfield>
    <subfield code="r">2026-01-14 14:24:10</subfield>
    <subfield code="s">2025-12-24</subfield>
    <subfield code="y">B</subfield>
  </datafield>
  <datafield tag="952" ind1=" " ind2=" ">
    <subfield code="0">0</subfield>
    <subfield code="7">0</subfield>
    <subfield code="b">KM</subfield>
    <subfield code="c">K</subfield>
    <subfield code="d">2020-05-13</subfield>
    <subfield code="l">1</subfield>
    <subfield code="o">K 499.235 WAN</subfield>
    <subfield code="p">A01638771</subfield>
    <subfield code="r">2025-01-01 13:51:06</subfield>
    <subfield code="s">2024-11-20</subfield>
    <subfield code="y">B</subfield>
  </datafield>
  <datafield tag="952" ind1=" " ind2=" ">
    <subfield code="0">0</subfield>
    <subfield code="7">0</subfield>
    <subfield code="b">LW</subfield>
    <subfield code="c">K</subfield>
    <subfield code="d">2020-05-13</subfield>
    <subfield code="o">K 499.235 WAN</subfield>
    <subfield code="p">A01638772</subfield>
    <subfield code="r">2020-05-13 00:00:00</subfield>
    <subfield code="y">B</subfield>
  </datafield>
  <datafield tag="952" ind1=" " ind2=" ">
    <subfield code="0">0</subfield>
    <subfield code="7">0</subfield>
    <subfield code="b">BL</subfield>
    <subfield code="c">K</subfield>
    <subfield code="d">2020-05-13</subfield>
    <subfield code="l">1</subfield>
    <subfield code="o">K 499.235 WAN</subfield>
    <subfield code="p">A01638773</subfield>
    <subfield code="r">2026-01-24 12:57:06</subfield>
    <subfield code="s">2026-01-18</subfield>
    <subfield code="y">B</subfield>
  </datafield>
  <datafield tag="952" ind1=" " ind2=" ">
    <subfield code="0">0</subfield>
    <subfield code="7">0</subfield>
    <subfield code="b">BB</subfield>
    <subfield code="c">K</subfield>
    <subfield code="d">2020-05-13</subfield>
    <subfield code="o">K 499.235 WAN</subfield>
    <subfield code="p">A01638774</subfield>
    <subfield code="r">2020-05-13 00:00:00</subfield>
    <subfield code="y">B</subfield>
  </datafield>
  <datafield tag="952" ind1=" " ind2=" ">
    <subfield code="0">0</subfield>
    <subfield code="7">0</subfield>
    <subfield code="b">MR</subfield>
    <subfield code="c">K</subfield>
    <subfield code="d">2020-05-13</subfield>
    <subfield code="o">K 499.235 WAN</subfield>
    <subfield code="p">A01638775</subfield>
    <subfield code="r">2020-05-13 00:00:00</subfield>
    <subfield code="y">B</subfield>
  </datafield>
  <datafield tag="952" ind1=" " ind2=" ">
    <subfield code="0">0</subfield>
    <subfield code="7">0</subfield>
    <subfield code="b">YN</subfield>
    <subfield code="c">K</subfield>
    <subfield code="d">2020-05-13</subfield>
    <subfield code="o">K 499.235 WAN</subfield>
    <subfield code="p">A01638776</subfield>
    <subfield code="r">2020-05-13 00:00:00</subfield>
    <subfield code="y">B</subfield>
  </datafield>
  <datafield tag="952" ind1=" " ind2=" ">
    <subfield code="0">0</subfield>
    <subfield code="7">0</subfield>
    <subfield code="b">SK</subfield>
    <subfield code="c">K</subfield>
    <subfield code="d">2020-05-13</subfield>
    <subfield code="o">K 499.235 WAN</subfield>
    <subfield code="p">A01638777</subfield>
    <subfield code="r">2020-05-13 00:00:00</subfield>
    <subfield code="y">B</subfield>
  </datafield>
  <datafield tag="952" ind1=" " ind2=" ">
    <subfield code="0">0</subfield>
    <subfield code="7">0</subfield>
    <subfield code="b">KN</subfield>
    <subfield code="c">K</subfield>
    <subfield code="d">2020-05-13</subfield>
    <subfield code="o">K 499.235 WAN</subfield>
    <subfield code="p">A01638778</subfield>
    <subfield code="r">2020-05-13 00:00:00</subfield>
    <subfield code="y">B</subfield>
  </datafield>
  <datafield tag="952" ind1=" " ind2=" ">
    <subfield code="0">0</subfield>
    <subfield code="7">0</subfield>
    <subfield code="b">PG</subfield>
    <subfield code="c">K</subfield>
    <subfield code="d">2020-05-13</subfield>
    <subfield code="o">K 499.235 WAN</subfield>
    <subfield code="p">A01638779</subfield>
    <subfield code="r">2020-05-13 00:00:00</subfield>
    <subfield code="y">B</subfield>
  </datafield>
</record>
